000 00478nam a2200181Ia 4500
003 GCL
008 140319s9999 xx 000 0 ara d
040 _aGCL /
_cGCL
082 0 4 _aق
_b923
_bم ش
100 1 _aمصطفى امين
245 1 0 _aشخصيات لا تنسى /
_cمصطفى امين
300 _aمتعدد
490 _a
650 0 4 _aالتراجم الادبية
650 0 4 _aالادباء العرب
650 0 4 _aصفية زغلول
942 _2ddc
_cBK
999 _c40804
_d40804